LEADER 01301nam a2200301 i 4500 001 000000143167 003 CaOOAMICUS 005 20050923000000.0 008 050923s2000 it u000 u ita u 013 $a118525 020 $a88-7203-106-0 040 $aSeMil$bita 100 1 $aGheddo, Piero .$0(OLS)http://semarc/name/89501 245 13$aLa Buona Novella /$cPiero Gheddo ; Prefazione di Giorgio Torelli e Leda Zaccagnini. 260 $aBarzanò (Lc) :$bMarna,$c2000. 300 $a127 p. ;$c21 cm. 490 0 $aSentieri 650 4$aGheddo, Piero - Meditazioni.$0(OLS)http://semarc/subject/28155 650 4$aGheddo, Piero - Storie di vita.$0(OLS)http://semarc/subject/28156 700 1 $aZaccagnini, Leda.$0(OLS)http://semarc/name/46981 700 1 $aTorelli, Giorgio,$d<1928-2023>.$0(OLS)http://semarc/name/5080 830 0$aSentieri.$0(OLS)http://semarc/title/11403 850 $aSeMil 852 $aSeMil$W1$xVenegono$y1$m3E IV 68$j96295$B96295$CSeMilBibl$Z2$F103524 $81 961 $aLascito: Scanziani don Federico 996 $6020$a88-7203-106-0$9(OLS)http://semarc/number/131584 996 $6245$aLa Buona Novella$9(OLS)http://semarc/title/209519 996 $6260$aBarzanò (Lc) :$bMarna$9(OLS)http://semarc/publisher/32354 LEADER 01023nam a2200229 i 4500 001 000000036178 003 CaOOAMICUS 005 20040607000000.0 008 040607s1914 it u000 u ita u 013 $a5311 040 $aSeMil$bita 100 1 $aLa Bolina, Jack.$0(OLS)http://semarc/name/17009 245 12$aL'Arcipelago Toscano /$cJack La Bolina. 260 $aBergamo :$bIstituto Italiano d'Arti Grafiche,$c1914. 300 $a129 p. :$bcon 86 illustrazioni ;$c27 cm. 490 0 $aCollezione di monografie illustrate. Serie 1., Italia artistica ;$v74. 650 4$aToscana - Guide artistiche.$0(OLS)http://semarc/subject/6842 830 0$aCollezione di monografie illustrate. Serie 1., Italia artistica ;$v74.$0(OLS)http://semarc/title/176 850 $aSeMil 852 $aSeMil$W1$xVenegono$y1$m5H XVI 74$j2333$B2333$CSeMilBibl$Z2$F2333 $81 996 $6245$aL'Arcipelago Toscano$9(OLS)http://semarc/title/49926 996 $6260$aBergamo :$bIstituto Italiano d'Arti Grafiche$9(OLS)http://semarc/publisher/29676